| 000 | 01753nam0a2200385 i 4500 | ||
|---|---|---|---|
| 001 | RU\NLR\BIBL_A\09994346 | ||
| 005 | 20241103053826.0 | ||
| 010 |
_a9785917182582 _9550 |
||
| 021 | _aRU | ||
| 035 | _a(NLR Aleph) 009994346 | ||
| 090 |
_a9751324 _c9751324 |
||
| 100 | _a20131031d2013 km y0rusy50 ca | ||
| 101 | 0 | _arus | |
| 102 | _aRU | ||
| 105 | _aa|||z||||00yy | ||
| 200 | 1 |
_aКонцепция социально-экономического развития мировой инфраструктуры в условиях современной экономики _eмонография _fЛаврентьев Александр Андреевич, Третьяков Рудольф Михайлович |
|
| 210 |
_aКраснодар _cИздательский дом - Юг _d2013 |
||
| 215 |
_a243 с. _cил. _d21 |
||
| 300 | _aНа 4-й с. обл. авт.: А.А. Лаврентьев, к.э.н., Р.М. Третьяков, к.т.н., д.э.н., проф., акад. | ||
| 320 | _aБиблиогр.: с. 237-243 (106 назв.) | ||
| 606 |
_aИнфраструктура рыночная _92120433 _3RU\NLR\AUTH\661280486 |
||
| 606 | 1 |
_aИнфраструктура _yРоссийская Федерация _92271002 _3RU\NLR\AUTH\661361158 |
|
| 675 | _a339.9 | ||
| 686 | 1 | _aУ5-17 | |
| 686 | 1 | _aУ5-961 | |
| 686 | 1 | _aУ9(2)-961(2Р) | |
| 700 | 1 |
_aЛаврентьев _bА. А. _f1957- _gАлександр Андреевич |
|
| 701 | 1 |
_aТретьяков _bР. М. _f1947- _gРудольф Михайлович |
|
| 801 | 0 |
_aRU _bRuMoRKP _c20130919 _gRCR |
|
| 801 | 2 |
_aRU _bРГБ _c20131002 _grcr |
|
| 801 | 1 |
_aRU _bRuMoRKP _c20130919 _2rusmarc |
|
| 942 | _cBOOK | ||
| 980 | _aNBR | ||